000 00541nam a2200145 a 4500
008 130627s2011 ||||||||||||||||| || u
020 _a9781444728170
050 _aPR 6062 .E33 T55
100 _aLe Carre', John
245 1 0 _aTinker tailor soldier spy
_cBy John Le Carre'
260 _aLondon:
_bHodder and Stoughton
_c2011
300 _a422p.
650 _aINTELLIGENCE SERVICE--GREAT BRITAIN--FICTION
995 _FCBU-MAIN LIBRARY (Kitwe)
_M1
_UAVAILABLE
_WJul 12, 2013
_ZFiction Collection
999 _c59933
_d59933